ბათუმის შოთა რუსთაველის სახელმწიფო უნივერსიტეტის ბიბლიოთეკა

"რეგიონული საინვესტიციო პროცესების რეგულირების საფინანსო-ეკონომიკური მექანიზმის სრულყოფის აქტუალური საკითხები" : (ბიბ.ჩანაწერი № 40853)

000 -ლიდერი
ფიქსირებული სიგრძის საკონტროლო ველი 01533nam a2200253Ia 4500
001 - საკონტროლო ნომერი
საკონტროლო ველი 7494
003 - საკონტროლო ნომრის იდენტიფიკატორი
საკონტროლო ველი GE_BSU
005 - ბოლო ოპერაციის თარიღი და დრო
საკონტროლო ველი 20200109101631.0
008 - ფიქსირებული სიგრძის მონაცემთა ელემენტები - ზოგადი ინფორმაცია
ფიქსირებული სიგრძის საკონტროლო ველი 181216s2013||||ge |||||||||||||| ||geo||
020 ## - წიგნის საერთაშორისო სტანდარტული ნომერი
International Standard Book Number 9789941927768
040 ## - კატალოგიზაციის წყარო
Transcribing agency GE_BSU
041 ## - ენის კოდი
Language code of text/sound track or separate title geo
080 ## - უნივერსალური ათობითი კლასიფიკაციის ინდექსი
Universal Decimal Classification number 339.727.22 ც–63
100 ## - მთავარი ჩანაწერი - პიროვნების სახელი
Personal name ცინარიძე, რამინ
9 (RLIN) 6020
245 ## - ცნობა სათაურის შესახებ
Title "რეგიონული საინვესტიციო პროცესების რეგულირების საფინანსო-ეკონომიკური მექანიზმის სრულყოფის აქტუალური საკითხები" :
Remainder of title მონოგრაფია /
Statement of responsibility, etc რამინ ცინარიძე ; რედ. ვლადიმერ ღლონტი.
264 ## - წარმოების, გამოცემის, დისტრიბუციის და სხვა ცნობები
გამოცემის, წარმოების, დისტრიბუციის... ადგილი თბილისი :
გამოცემის, წარმოების, დისტრიბუციის... სახელწოდება "მინიატურის" გამ-ბა,
გამოცემის, წარმოების, დისტრიბუციის... თარიღი 2013.
300 ## - ფიზიკური აღწერა
Extent 252 გვ. :
Other physical details დიაგრ. ;
Dimensions 22 სმ.
504 ## - BIBLIOGRAPHY, ETC. NOTE
Bibliography, etc ბიბლიოგრ.: გვ. 233-249.
653 ## - INDEX TERM--UNCONTROLLED
Uncontrolled term ინვესტიციები მსოფლიო ფინანსურ გარემოში და მათი ფორმირების თავისებურებები
653 ## - INDEX TERM--UNCONTROLLED
Uncontrolled term მაკროეკონომიკა
700 ## - ADDED ENTRY--PERSONAL NAME
Personal name ღლონტი, ვ.
Relator term რედაქტორი
9 (RLIN) 6021
710 ## - ADDED ENTRY--CORPORATE NAME
Corporate name or jurisdiction name as entry element ბათუმის შოთა რუსთაველის სახელმწ. უნ-ტი
9 (RLIN) 6022
942 ## - ADDED ENTRY ELEMENTS (KOHA)
Koha item type წიგნი
Source of classification or shelving scheme
ეგზემპლარები
ჩამოწერის სტატუსი დაკარგული ეგზემპლარის სტატუსი კლასიფიკაციის წყარო ან თაროზე გაწყობის სქემა დაზიანების სტატუსი არ გაიცემა მუდმივი მდებარეობა (დაცვის ადგილი) ამჟამინდელი ადგილსამყოფელი თაროზე განთავსების ადგილი შეძენის თარიღი სრული შენახვის შიფრი შტრიხკოდი ბოლო ოპერაციის თარიღი ეგზემპლარის მიმდევრობითი ნომერი (კეტერი?) ფასის ძალაში შესვლის თარიღი ეგზემპლარის სახეობა
          ბათუმის შოთა რუსთაველის სახელმწიფო უნივერსიტეტის მთავარი ბიბლიოთეკა ბათუმის შოთა რუსთაველის სახელმწიფო უნივერსიტეტის მთავარი ბიბლიოთეკა წიგნსაცავი 2018-12-17 339.727.22 ც–63 7290 2018-12-17 7290 2018-12-17 წიგნი
          ბათუმის შოთა რუსთაველის სახელმწიფო უნივერსიტეტის მთავარი ბიბლიოთეკა ბათუმის შოთა რუსთაველის სახელმწიფო უნივერსიტეტის მთავარი ბიბლიოთეკა წიგნსაცავი 2018-12-17 339.727.22 ც–63 7289 2018-12-17 7289 2018-12-17 წიგნი